000 00423nam a22001697a 4500
003 NUST - PNEC
005 20170116181051.0
008 150929b xxu||||| |||| 00| 0 eng d
020 _a8174090665
040 _cLIBRARY
082 _ac.2003
100 _911849
_aSarkar, N.
245 _aElements of digital signal processing
_cN.Sarkar
260 _ac.2003
650 _911850
_aSignal procesing
_xMIS
942 _2ddc
_cBK
999 _c68374
_d68374